000 00850nac a22002171u 4500
010 _a2002017683
020 _a9812435115
082 0 0 _a658.3
_bM4318
090 _c1137
_d1137
100 _aMathis, Robert L.,
245 1 0 _aHuman resource management /
_cRobert L. Mathis, John H. Jackson.
250 _a10th ed.
260 _aAustralia :
_bThomson/South-western,
_cc2003.
300 _axxi, 650 p. :
_bcol. ill. ;
_c27 cm.
500 _a"Policies and practices advisor, user manual, student edition" inserted in pocket.
504 _aIncludes bibliographical references and index.
650 0 _aPersonnel management.
700 1 _aJackson, John Harold.
942 _cBB
_k658.3M4318
999 _c1137
_d1137